000 00877nam a2200241Ia 4500
003 OSt
005 20220927105652.0
006 a|||||r|||| 00| 0
007 ta
008 220926b |||||||| |||| 00| 0 eng d
024 _a195196
037 _cReference Collections
040 _aRTL
_cRTL
_beng
041 _2eng
_aeng
082 _a"X:(G:55).252LF, P7/Th"
100 _aGUPTA Usha
_9374118
245 0 _aValuation of urban air pollution
_b" A case study of Kanpur Nagar, Uttar Pradesh, India."
260 _a"Delhi,"
_b"University of Delhi, "
_c2007
300 _a"vii, 178p Bibliography: P 168-78"
_ccm.
490 _a"University of Delhi, Business Economics (Deptt. of-), Thesis.. Thesis, University of Delhi, Business Economics (Deptt. of-"
942 _h"X:(G:55).252LF, P7/Th"
_cCC
999 _c693812
_d693812